| 000 | 00981nas a2200301 4500 | ||
|---|---|---|---|
| 001 | BR2012002405 | ||
| 003 | BR-BrBNA | ||
| 005 | 20231205120420.0 | ||
| 007 | ta | ||
| 008 | 230509b bl.|||p| |||| 00| 00por d | ||
| 040 |
_aBR-BrBNA _bpor _cBiblioteca Nacional de Agricultura |
||
| 041 | _a(Pt) | ||
| 072 | _aP33; P01 | ||
| 100 | 1 | _aSousa, R.F. de | |
| 100 | 1 | _aNascimento, J.L. do | |
| 100 | 1 | _aFernandes, E.P. | |
| 100 | 1 | _aLeandro, W.M. | |
| 100 | 1 | _aCampos, A.B. de | |
| 245 | 1 | _aMatéria orgânica e textura do solo em veredas conservadas e antropizadas no bioma Cerrado | |
| 650 | _aSOLO HIDROMÓRFICO | ||
| 650 | _aUMIDADE | ||
| 650 | _aRELAÇÃO SOLO-ÁGUA | ||
| 650 | _aUSO DA TERRA | ||
| 773 | 0 |
_tRevista Brasileira de Engenharia Agrícola e Ambiental (Brazil) _xISSN 1807-1929 _g(Aug 2011), v.15(8) p. 861-866 _wBR2012002405 |
|
| 856 | 4 | 0 | _uhttp://www.scielo.br/pdf/rbeaa/v15n8/14.pdf |
| 909 |
_a202311 _bLúcia _c55 _dLúcia Elande |
||
| 942 |
_2AGRIS _n0 _cANA |
||
| 999 |
_c218385 _d218385 |
||